GTA III Quiz Stats

 Plays Quiz not verified by Sporcle

Score 0/11 Timer 03:00
0 Plays Today
% Correct
liberty city
97.6%
claude
94.1%
catalina
91.2%
kenji
90.7%
salvatore
89.3%
the exchange
88.3%
3
87.8%
0
87.8%
columbian cartel
86.3%
over 9000
72.7%
asuka
70.7%

You're not logged in!

Compare scores with friends on all Sporcle quizzes.
OR
Log In

Sporcle TV

Today on Sporcle TV


Watch our educational content, quiz creation guides, and fun videos on Sporcle TV.

Show Comments

Extras

Created Dec 5, 2014ReportNominate
Tags:Clickable Quiz, GTA

Top Quizzes Today


Score Distribution

Your Account Isn't Verified!

In order to create a playlist on Sporcle, you need to verify the email address you used during registration. Go to your Sporcle Settings to finish the process.

Report this User

Report this user for behavior that violates our Community Guidelines.

Details: